SZA - Go Gina (All Lyrics) - Statistics

General Stats
  • This quiz has been taken 84 times
  • The average score is 181 of 258
Answer Stats
Answer % Correct
I
94%
To
94%
to
94%
you
94%
You
94%
you,
94%
a
90%
up
90%
be
88%
Gina,
88%
Gina
88%
Go
88%
go
88%
the
88%
can
87%
me,
85%
me
85%
on
85%
is
83%
is,
83%
It
83%
it
83%
know
83%
know?
83%
my
83%
no
83%
for
81%
love,
81%
with
81%
your
81%
babe
79%
don't
79%
down
79%
easier
79%
holding
79%
Picking
79%
and
77%
Hey
77%
it's
77%
say
77%
too
77%
mean,
75%
penny
75%
press-on
75%
than
75%
they
75%
been
73%
Can't
73%
old
73%
shit
73%
we
73%
real
71%
same
71%
Same
71%
who
71%
any
69%
come
69%
cool
69%
friends,
69%
lost
69%
low-key,
69%
out,
69%
out
69%
attention
67%
Damn
67%
damn
67%
harder
67%
mama
67%
trust
67%
about
65%
grade)
65%
grinding
65%
I've
65%
pay
65%
try
65%
7th
63%
circle
63%
clean,
63%
from
63%
inner
63%
now
63%
shining
63%
stoned
63%
what
63%
hanging
62%
high
62%
Probably
62%
probably
62%
get
60%
really,
60%
right,
60%
said,
60%
true
60%
uptight,
60%
usually
60%
came
58%
(much
58%
keep
56%
lack
56%
need
56%
or
56%
but
54%
myself,
54%
nobody
54%
nobody,
54%
mind
52%
Tryin'
52%
business
50%
belong
48%
dropping
48%
must
48%
Them
48%
thereof,
48%
jeans,
46%
that,
44%
bother
40%
bring
40%
of
40%
disturb,
38%
some,
38%
again
37%
hope
37%
not
37%
time
35%
every
33%
character
27%
works
27%
learnin'
17%
Still
12%
No matching quizzes found
Score Distribution
Percent of People with Each Score
Percentile by Number Answered
Your Score History
You have not taken this quiz